Normal view
MARC view
- ملوكي ، إياد عبد الجبار
Entry Personal Name
001 - CONTROL NUMBER
- control field: 12510
003 - CONTROL NUMBER IDENTIFIER
- control field: JO-AjAnu
005 - DATE AND TIME OF LATEST TRANSACTION
- control field: 20230606072314.0
008 - FIXED-LENGTH DATA ELEMENTS
- fixed length control field: 230606|| aca||aabn | a|a d
040 ## - CATALOGING SOURCE
- Original cataloging agency: JO-AjAnu
- Transcribing agency: JO-AjAnu
100 ## - HEADING--PERSONAL NAME
- Personal name: ملوكي ، إياد عبد الجبار
670 ## - SOURCE DATA FOUND
- Source citation: Work cat.: (JO-AjAnu)6440: ملوكي ، إياد عبد الجبار , author, المسؤولية عن الأشياء وتطبيقها على الأشخاص المعنوية بوجة خاص " دراسة مقارنة"